[Event "World Senior Teams +50"]
[Site "Radebeul GER"]
[Date "2016.06.26"]
[Round "1.7"]
[Board "4"]
[White "Weichelt, Stefan"]
[Black "Sandner, Gunter"]
[Result "0-1"]
[BlackTitle "FM"]
[WhiteElo "1980"]
[BlackElo "2267"]
[WhiteTeam "Schachklub Heidenau"]
[BlackTeam "Thueringen"]
[WhiteFideId "12975397"]
[BlackFideId "4646401"]
[EventDate "2016.06.26"]

1. e4 c5 2. Nf3 Nc6 3. d4 cxd4 4. Nxd4 Nf6 5. Nc3 e5 6. Ndb5 d6 7. Bg5 a6 8. Na3
b5 9. Nd5 Be7 10. Bxf6 Bxf6 11. c3 Bb7 12. Nc2 Nb8 13. Nce3 Nd7 14. a4 bxa4 15.
Qxa4 O-O 16. Nxf6+ Nxf6 17. Bd3 d5 18. exd5 Nxd5 19. Rd1 Nxe3 20. Bxh7+ Kxh7 21.
Rxd8 Nxg2+ 22. Kd2 Raxd8+ 23. Kc1 Nf4 24. Rd1 Rxd1+ 25. Qxd1 f6 26. Qd7 Bc8 27.
Qd6 Rf7 28. Qc6 Bf5 29. b4 Rd7 30. Kb2 Rd2+ 31. Ka3 Be6 32. c4 Rd3+ 33. Kb2 Rd4
34. Qxa6 Rxc4 35. b5 Nd3+ 36. Ka3 Rc3+ 0-1

[Event "World Senior Teams +50"]
[Site "Radebeul GER"]
[Date "2016.06.26"]
[Round "1.8"]
[Board "1"]
[White "Schultheis, Heinz"]
[Black "Revuckij, Vladimir"]
[Result "1/2-1/2"]
[BlackTitle "IM"]
[WhiteElo "2114"]
[BlackElo "2401"]
[WhiteTeam "Schachfreunde Zeitz"]
[BlackTeam "Obuchiw"]
[WhiteFideId "16212037"]
[BlackFideId "14106167"]
[EventDate "2016.06.26"]

1. d4 e6 2. c4 f5 3. Nf3 Nf6 4. Qb3 d5 5. Bg5 Be7 6. Bxf6 Bxf6 7. e3 O-O 8. Nc3
c6 9. Bd3 Qb6 10. Qc2 Na6 11. a3 Bd7 12. cxd5 exd5 13. Na4 1/2-1/2

[Event "World Senior Teams +50"]
[Site "Radebeul GER"]
[Date "2016.06.26"]
[Round "1.8"]
[Board "2"]
[White "Ianov, Viktor"]
[Black "Just, Joachim"]
[Result "1-0"]
[WhiteTitle "IM"]
[WhiteElo "2324"]
[BlackElo "1926"]
[WhiteTeam "Obuchiw"]
[BlackTeam "Schachfreunde Zeitz"]
[WhiteFideId "14102730"]
[BlackFideId "4648102"]
[EventDate "2016.06.26"]

1. Nf3 d5 2. g3 Nf6 3. Bg2 c6 4. d3 Bg4 5. Nbd2 Nbd7 6. h3 Bxf3 7. Nxf3 e6 8.
O-O Bd6 9. e4 Qc7 10. Qe2 O-O 11. Re1 dxe4 12. dxe4 e5 13. Nh4 Rfe8 14. Nf5 Bf8
15. Bg5 Kh8 16. Qf3 Ng8 17. Rad1 Nc5 18. h4 Ne6 19. Bh3 g6 20. Ne3 Bg7 21. Bxe6
Rxe6 22. Ng4 f6 23. Bc1 Ree8 24. h5 Qf7 25. hxg6 Qxg6 26. Rd7 Re7 27. Red1 Qh5
28. Kg2 Rxd7 29. Rxd7 Rf8 30. Rxb7 f5 31. exf5 Rxf5 32. Qe4 Qg6 33. f3 Qe6 34.
Rxa7 h5 35. Ne3 Rf8 36. a4 Ne7 37. Qh4 Qf7 38. Qxe7 Qxf3+ 39. Kh2 Rg8 40. Ng2 e4
41. Bh6 Qxg3+ 42. Kxg3 Bf6+ 43. Kh3 Bxe7 44. Rxe7 1-0

[Event "World Senior Teams +50"]
[Site "Radebeul GER"]
[Date "2016.06.26"]
[Round "1.8"]
[Board "4"]
[White "Semenov, Valeri"]
[Black "Wilke, Frank"]
[Result "1/2-1/2"]
[WhiteTitle "FM"]
[WhiteElo "2279"]
[BlackElo "1920"]
[WhiteTeam "Obuchiw"]
[BlackTeam "Schachfreunde Zeitz"]
[WhiteFideId "14101319"]
[BlackFideId "16219210"]
[EventDate "2016.06.26"]

1. c4 e6 2. Nf3 d5 3. e3 Nf6 4. b3 Be7 5. Bb2 O-O 6. Be2 Nbd7 7. O-O Re8 8. Qc2
c6 9. d3 Qc7 10. Nbd2 c5 11. Rac1 b6 12. Qb1 Ba6 13. Rfe1 Rad8 14. a3 Qb8 15.
Qa1 Bb7 16. Bc3 a5 17. Qb2 Bd6 18. cxd5 exd5 1/2-1/2

[Event "World Senior Teams +50"]
[Site "Radebeul GER"]
[Date "2016.06.26"]
[Round "1.9"]
[Board "1"]
[White "Petran, Peter"]
[Black "Blodig, Reinhard"]
[Result "1/2-1/2"]
[WhiteTitle "IM"]
[WhiteElo "2331"]
[BlackElo "2114"]
[WhiteTeam "Slovakia"]
[BlackTeam "Stoertebeker"]
[WhiteFideId "14900114"]
[BlackFideId "4607597"]
[EventDate "2016.06.26"]

1. g3 g6 2. Bg2 Bg7 3. d4 d5 4. Nf3 Nf6 5. c4 c6 6. Nbd2 O-O 7. O-O Nbd7 8. b3
Re8 9. Bb2 b6 10. Ne5 Bb7 11. e3 Rc8 12. Rc1 e6 13. f4 Qe7 14. Qe2 Rc7 15. Rc2
Rec8 16. Rfc1 Nb8 17. g4 Nfd7 18. g5 Nxe5 19. dxe5 c5 20. cxd5 exd5 21. h4 Rd8
22. Nf3 Nc6 23. Rd2 Bc8 24. Rcd1 Qe6 25. Nh2 Ne7 26. Bf3 Qh3 27. Ng4 Qxh4 28.
Nf6+ Kh8 29. Qh2 Qxh2+ 30. Rxh2 Bxf6 31. exf6 Nf5 32. Rxd5 Rxd5 33. Bxd5 h5 34.
e4 Ne3 35. Re2 Nxd5 36. exd5 Bf5 37. Re8+ Kh7 38. Kf2 Rd7 39. Re5 h4 40. Bc1 Kg8 1/2-1/2

[Event "World Senior Teams +50"]
[Site "Radebeul GER"]
[Date "2016.06.26"]
[Round "1.9"]
[Board "3"]
[White "Briestensky, Rastislav"]
[Black "Gerhardt, Peter-Michael"]
[Result "1/2-1/2"]
[WhiteTitle "FM"]
[WhiteElo "2339"]
[BlackElo "2026"]
[WhiteTeam "Slovakia"]
[BlackTeam "Stoertebeker"]
[WhiteFideId "14900394"]
[BlackFideId "4638379"]
[EventDate "2016.06.26"]

1. e4 c5 2. Nf3 a6 3. c4 g6 4. d4 cxd4 5. Qxd4 Nf6 6. e5 Nc6 7. Qc3 Ne4 8. Qe3
f5 9. exf6 Nxf6 10. Be2 Bg7 11. O-O O-O 12. Nc3 d6 13. h3 Bd7 14. Bd2 Nh5 15.
Nd5 Rb8 16. Qb3 e6 17. Nb6 Rxf3 18. Bxf3 Nd4 19. Qb4 Nxf3+ 20. gxf3 Bc6 21. Rfe1
Be5 22. c5 Qf6 23. Qg4 Rf8 24. Nc4 Bxf3 25. Qg5 Qf7 26. Nxe5 dxe5 27. Qxe5 Bd5
28. Qh2 Ng7 29. Bc3 Nh5 30. Re3 Qf5 31. Rd1 Qg5+ 32. Rg3 Qf5 33. Re1 Nxg3 34.
Qxg3 Qf3 1/2-1/2

[Event "World Senior Teams +50"]
[Site "Radebeul GER"]
[Date "2016.06.26"]
[Round "1.9"]
[Board "4"]
[White "Kuehn, Peter2"]
[Black "Franzen, Jozef"]
[Result "0-1"]
[BlackTitle "IM"]
[WhiteElo "1961"]
[BlackElo "2280"]
[WhiteTeam "Stoertebeker"]
[BlackTeam "Slovakia"]
[WhiteFideId "4661486"]
[BlackFideId "14900181"]
[EventDate "2016.06.26"]

1. e4 c5 2. Nf3 e6 3. d4 cxd4 4. Nxd4 Nc6 5. Nc3 d6 6. g3 Nf6 7. Bg2 Be7 8. O-O
O-O 9. Kh1 Bd7 10. f4 Nxd4 11. Qxd4 Bc6 12. Be3 Qc7 13. Rad1 b5 14. a3 a5 15. b4
axb4 16. axb4 Rfc8 17. Ra1 Ng4 18. Rxa8 Rxa8 19. h3 Bf6 20. Qb6 Qxb6 21. Bxb6
Bxc3 22. hxg4 Bxb4 23. Rd1 Kf8 24. c3 Ba3 25. Kg1 Ra4 26. Re1 e5 27. f5 h6 28.
Kf2 Ke7 29. Ke3 Ra6 0-1

[Event "World Senior Teams +50"]
[Site "Radebeul GER"]
[Date "2016.06.26"]
[Round "1.10"]
[Board "1"]
[White "Fegan, Chris"]
[Black "Heidrich, Manfred"]
[Result "0-1"]
[BlackTitle "FM"]
[WhiteElo "2071"]
[BlackElo "2339"]
[WhiteTeam "England 3"]
[BlackTeam "SC Forchheim e.V."]
[WhiteFideId "410047"]
[BlackFideId "4602722"]
[EventDate "2016.06.26"]

1. e4 c5 2. a3 e6 3. b4 d5 4. exd5 exd5 5. Bb5+ Bd7 6. Qe2+ Qe7 7. Nc3 Nf6 8.
bxc5 Qxe2+ 9. Ngxe2 Bxc5 10. d4 Bb6 11. Bg5 Bxb5 12. Nxb5 Ne4 13. Bf4 Ba5+ 14.
c3 a6 15. Nd6+ Nxd6 16. Bxd6 Nc6 17. O-O O-O-O 18. Bb4 Bc7 19. a4 Rhe8 20. Rfe1
Kd7 21. Rab1 Re6 22. Bc5 Na5 23. Ng3 Rde8 24. Kf1 Nc4 25. Rxe6 Rxe6 26. Rd1 g6
27. Bf8 Rb6 28. Re1 Bd8 29. Bh6 Rb2 30. Ne2 Ba5 31. g3 Ra2 32. Bg5 Rxa4 33. Nf4
Nd2+ 34. Kg2 Ne4 35. Nd3 Ra2 36. Nc5+ Nxc5 37. dxc5 Bxc3 38. Re7+ Kc6 39. Rxf7
Bd4 40. Be7 Rb2 41. h4 a5 42. g4 a4 43. Rf8 a3 44. Bd6 a2 45. Rc8+ Kb5 0-1

[Event "World Senior Teams +50"]
[Site "Radebeul GER"]
[Date "2016.06.26"]
[Round "1.10"]
[Board "2"]
[White "Bartsch, Berthold"]
[Black "Fraser-Mitchell, Jeremy N"]
[Result "1-0"]
[WhiteTitle "FM"]
[WhiteElo "2270"]
[BlackElo "2061"]
[WhiteTeam "SC Forchheim e.V."]
[BlackTeam "England 3"]
[WhiteFideId "4604660"]
[BlackFideId "405000"]
[EventDate "2016.06.26"]

1. g3 g6 2. Bg2 Bg7 3. e4 e5 4. Nc3 Ne7 5. d3 O-O 6. h4 d6 7. h5 c6 8. hxg6 fxg6
9. Bg5 Nd7 10. Qd2 Nf6 11. O-O-O Be6 12. Bh3 Qd7 13. f3 b5 14. Qh2 Bxh3 15. Nxh3
b4 16. Ne2 c5 17. Nf2 Nc6 18. Kb1 a5 19. Bxf6 Bxf6 20. Ng4 Ra7 21. Ne3 a4 22.
Nd5 b3 23. cxb3 axb3 24. a3 Bd8 25. f4 Nd4 26. Nxd4 cxd4 27. Rc1 Ba5 28. Rc4 Rf7
29. Rhc1 Bd8 30. Qf2 Rf8 31. Rc8 Qg7 32. Qe2 Qd7 33. Qd1 Rb7 34. Ra8 Be7 35. Ra6
Kg7 36. Rac6 Bd8 37. R1c4 Rf7 38. Rc8 Ba5 39. Ra8 Bd8 40. Rcc8 Rf8 41. Nb4 exf4
42. gxf4 Rxf4 43. Qxb3 Bg5 44. Qd5 Rf1+ 45. Ka2 Bf6 46. Rab8 Rxb8 47. Rxb8 Qg4
48. Qxd6 Kh6 49. Qf8+ Kh5 50. Rb5+ Kh4 51. e5 Qd1 52. Qh6+ Kg4 53. exf6 Qb1+ 54.
Kb3 Rf2 55. Rg5+ Kf3 56. Qh3+ Kf4 57. Qg3# 1-0

[Event "World Senior Teams +50"]
[Site "Radebeul GER"]
[Date "2016.06.26"]
[Round "1.10"]
[Board "3"]
[White "Thurstan, Tim M"]
[Black "Seyb, Dieter"]
[Result "0-1"]
[WhiteTitle "CM"]
[BlackTitle "FM"]
[WhiteElo "2079"]
[BlackElo "2265"]
[WhiteTeam "England 3"]
[BlackTeam "SC Forchheim e.V."]
[WhiteFideId "425443"]
[BlackFideId "4603346"]
[EventDate "2016.06.26"]

1. f4 g6 2. Nf3 Bg7 3. e3 d6 4. Be2 e5 5. Nc3 exf4 6. exf4 Nf6 7. d4 O-O 8. O-O
b6 9. Bd3 c5 10. f5 Bb7 11. Bg5 Nc6 12. a3 cxd4 13. Nb5 d5 14. Nbxd4 Nxd4 15.
Nxd4 Qd6 16. c3 Nd7 17. Qd2 Rfe8 18. Rae1 Nc5 19. Nb5 Qd7 20. Rxe8+ Rxe8 21. Nd4
Ba6 22. Bxa6 Nxa6 23. Bh6 Bh8 24. b4 Nc7 25. f6 Re4 26. Rf4 Ne8 27. Bg5 h6 28.
Bxh6 Nxf6 29. Bg5 Nh5 30. Rxe4 dxe4 31. b5 Qd5 32. a4 Qc4 33. Nc6 Bxc3 34. Qd8+
Kg7 35. h3 Qc5+ 36. Kh2 Nf6 37. h4 Ng4+ 38. Kg3 Qf2+ 39. Kh3 Ne3 40. Bxe3 Qxe3+
41. g3 Qf3 42. Qe7 Bf6 0-1

[Event "World Senior Teams +50"]
[Site "Radebeul GER"]
[Date "2016.06.26"]
[Round "1.10"]
[Board "4"]
[White "Kannenberg, Karl-Heinz"]
[Black "Majer, Chris E"]
[Result "1-0"]
[WhiteElo "2236"]
[BlackElo "1915"]
[WhiteTeam "SC Forchheim e.V."]
[BlackTeam "England 3"]
[WhiteFideId "4643348"]
[BlackFideId "411876"]
[EventDate "2016.06.26"]

1. d4 Nf6 2. Nf3 c5 3. e3 cxd4 4. exd4 d5 5. c4 Bg4 6. Nc3 e6 7. c5 Nc6 8. Bb5
Be7 9. Bxc6+ bxc6 10. Qa4 Qc7 11. Ne5 Rc8 12. Bf4 Qb7 13. b4 Bf5 14. O-O O-O 15.
b5 cxb5 16. Qxb5 Qxb5 17. Nxb5 a6 18. Na7 Ra8 19. Nac6 Rfe8 20. Rfc1 Ng4 21.
Nxg4 Bxg4 22. Nxe7+ Rxe7 23. Rab1 Be2 24. Rb6 Rc8 25. c6 Bb5 26. Bd6 Ree8 27. c7
f6 28. f4 Kf7 29. Rb1 Kg6 30. Rb4 Ra8 31. Rb8 Bd7 32. Rxa8 Rxa8 33. Rb8 Ra7 34.
Rd8 1-0

[Event "World Senior Teams +50"]
[Site "Radebeul GER"]
[Date "2016.06.26"]
[Round "1.11"]
[Board "1"]
[White "Clara, Hans-Joachim"]
[Black "Gempe, Anet"]
[Result "1-0"]
[WhiteTitle "FM"]
[BlackTitle "WFM"]
[WhiteElo "2320"]
[BlackElo "2001"]
[WhiteTeam "Hessische Seniorenmannschaft"]
[BlackTeam "Germany 2 Women"]
[WhiteFideId "4600380"]
[BlackFideId "4618114"]
[EventDate "2016.06.26"]

1. c4 e6 2. Nf3 Nf6 3. Nc3 d5 4. d4 Be7 5. cxd5 exd5 6. Bg5 h6 7. Bh4 O-O 8. e3
b6 9. Rc1 Bb7 10. Bxf6 Bxf6 11. b4 Be7 12. Qb3 c6 13. Bd3 Qd6 14. Rb1 Nd7 15.
O-O Rfe8 16. e4 dxe4 17. Bxe4 Nf6 18. Ne5 Nd5 19. b5 Nxc3 20. Qxc3 Bf6 21. bxc6
Ba6 22. Rfd1 Bxe5 23. dxe5 Qxe5 24. Rd4 Rac8 25. f3 g6 26. Rbd1 Rc7 27. a4 Bc8
28. Qd2 Be6 29. f4 Qc5 30. Rc1 Qf8 31. h3 f5 32. Bf3 Qf6 33. Rd6 Qf8 34. Re1 Bf7
35. Re5 Rec8 36. Bd5 Kh8 37. Qd4 Qg7 38. Bf3 Be8 39. Qc3 Bf7 40. Rd7 Qf6 41.
Ree7 Rxd7 42. cxd7 Rd8 43. Qe5 Qxe5 44. fxe5 g5 1-0

[Event "World Senior Teams +50"]
[Site "Radebeul GER"]
[Date "2016.06.26"]
[Round "1.11"]
[Board "2"]
[White "Skibbe, Diana"]
[Black "Nehmert, Ulrich"]
[Result "0-1"]
[WhiteTitle "WFM"]
[BlackTitle "FM"]
[WhiteElo "2071"]
[BlackElo "2324"]
[WhiteTeam "Germany 2 Women"]
[BlackTeam "Hessische Seniorenmannschaft"]
[WhiteFideId "4612698"]
[BlackFideId "4600681"]
[EventDate "2016.06.26"]

1. e4 e6 2. d4 d5 3. Nc3 dxe4 4. Nxe4 Bd7 5. Nf3 Bc6 6. Bd3 Nd7 7. O-O Ngf6 8.
Ng3 Bd6 9. Qe2 Bxf3 10. Qxf3 c6 11. c4 Qc7 12. Bd2 h5 13. Rfe1 O-O-O 14. b4 Ng4
15. Nf1 Bxh2+ 16. Nxh2 Qxh2+ 17. Kf1 Qd6 18. Bf4 Qxd4 19. b5 Nde5 0-1

[Event "World Senior Teams +50"]
[Site "Radebeul GER"]
[Date "2016.06.26"]
[Round "1.11"]
[Board "3"]
[White "Bosbach, Gerhard"]
[Black "Beltz, Martina"]
[Result "0-1"]
[BlackTitle "WIM"]
[WhiteElo "2217"]
[BlackElo "2053"]
[WhiteTeam "Hessische Seniorenmannschaft"]
[BlackTeam "Germany 2 Women"]
[WhiteFideId "4605063"]
[BlackFideId "4612485"]
[EventDate "2016.06.26"]

1. c4 Nf6 2. g3 e6 3. Nc3 d5 4. cxd5 exd5 5. Bg2 c6 6. d3 Bd6 7. Nf3 O-O 8. O-O
Bg4 9. h3 Bh5 10. e4 Nbd7 11. exd5 cxd5 12. Bg5 Qb6 13. Na4 Qa5 14. g4 Bg6 15.
Nh4 d4 16. Bd2 Qa6 17. Nxg6 hxg6 18. b3 Ne5 19. Nb2 Rad8 20. Bc1 b5 21. a4 Rfe8
22. Bd2 b4 23. Be1 Nfd7 24. f4 Nc6 25. Nc4 Bb8 26. Bh4 Rc8 27. Qf3 Na5 28. Rab1
Nxc4 29. dxc4 Nc5 30. Qd1 Qd6 31. Qd2 a5 32. Bd5 Re3 33. Qxd4 Rxh3 34. Bf2 Rd3
35. Qe5 Qd7 36. Qg5 Ne6 37. Bxe6 Qxe6 38. Rfd1 Rxd1+ 39. Rxd1 Bc7 40. Re1 Qd6
41. Qe5 Qd7 42. Qg5 Bd8 43. Qd5 Qxg4+ 44. Kf1 Qh3+ 45. Kg1 Bf6 46. Re3 Qg4+ 47.
Kf1 Qxf4 48. Rf3 Qh2 49. Qxa5 Qh1+ 50. Ke2 Rd8 51. Rd3 Qe4+ 52. Re3 Qg4+ 53. Kf1
Rd1+ 54. Be1 Qf4+ 0-1

[Event "World Senior Teams +50"]
[Site "Radebeul GER"]
[Date "2016.06.26"]
[Round "1.11"]
[Board "4"]
[White "Kierzek, Mira"]
[Black "Kargoll, Herbert"]
[Result "0-1"]
[WhiteTitle "WFM"]
[WhiteElo "2003"]
[BlackElo "2185"]
[WhiteTeam "Germany 2 Women"]
[BlackTeam "Hessische Seniorenmannschaft"]
[WhiteFideId "15002110"]
[BlackFideId "4636007"]
[EventDate "2016.06.26"]

1. d4 Nf6 2. Nf3 e6 3. Bf4 b6 4. e3 Bb7 5. Bd3 Be7 6. h3 O-O 7. O-O c5 8. c3 d5
9. Nbd2 Nbd7 10. Rc1 Ne4 11. Ne5 Nxe5 12. Bxe5 f6 13. Bh2 Nxd2 14. Qxd2 c4 15.
Bb1 b5 16. Qe2 Qe8 17. e4 Qf7 18. Rce1 Rfe8 19. Qf3 Bf8 20. exd5 Bxd5 21. Be4
Qb7 22. Bxd5 Qxd5 23. Qe4 a5 24. Qc2 b4 25. Re3 a4 26. cxb4 Bxb4 27. a3 Ba5 28.
Rc1 Rec8 29. Re4 c3 30. Rh4 g6 31. bxc3 Rxc3 32. Qb2 Rxc1+ 33. Qxc1 g5 34. Rg4
h5 35. Rg3 Qxd4 36. Rf3 Rd8 37. Qf1 Kg7 38. Re3 e5 39. Bg3 Qd1 40. h4 Qg4 41.
Qb5 Bd2 42. Rd3 Rxd3 43. Qxd3 gxh4 44. Qxd2 hxg3 45. fxg3 Qd4+ 46. Qxd4 exd4 47.
Kf2 Kg6 48. Ke2 Kf5 49. Kd3 Ke5 0-1

[Event "World Senior Teams +50"]
[Site "Radebeul GER"]
[Date "2016.06.26"]
[Round "1.12"]
[Board "2"]
[White "Preuss, Heiko"]
[Black "Arndt, Olaf"]
[Result "1/2-1/2"]
[WhiteElo "2245"]
[BlackElo "2019"]
[WhiteTeam "Post-SV Ulm"]
[BlackTeam "SV Horst-Emscher"]
[WhiteFideId "4635493"]
[BlackFideId "4655907"]
[EventDate "2016.06.26"]

1. d4 f5 2. c4 e6 3. g3 Bb4+ 4. Bd2 Qe7 5. Nf3 b6 6. Bg2 Bb7 7. O-O Bxd2 8.
Nbxd2 Nf6 9. Qc2 O-O 10. Ne1 Bxg2 11. Kxg2 Nc6 12. e3 d6 13. Nd3 a5 14. a3 a4
15. Rac1 Ra5 16. Nb1 Qd7 17. Nc3 Ne7 18. f3 Qc6 19. Ne2 g5 20. Nb4 Qa8 21. Nc3
g4 22. Qe2 gxf3+ 23. Qxf3 Ng4 24. Rfd1 Qe8 25. h3 Nf6 26. Nd3 e5 27. Nf2 e4 28.
Qe2 c6 29. Kh2 Kh8 30. Rg1 Ng6 31. Rcf1 1/2-1/2

[Event "World Senior Teams +50"]
[Site "Radebeul GER"]
[Date "2016.06.26"]
[Round "1.12"]
[Board "3"]
[White "Goeldenboog, Juergen"]
[Black "Pieper, Thomas"]
[Result "1/2-1/2"]
[WhiteElo "1979"]
[BlackElo "2226"]
[WhiteTeam "SV Horst-Emscher"]
[BlackTeam "Post-SV Ulm"]
[WhiteFideId "4634004"]
[BlackFideId "4606299"]
[EventDate "2016.06.26"]

1. d4 Nf6 2. c4 g6 3. Nc3 Bg7 4. e4 d6 5. f4 O-O 6. Be2 c5 7. d5 e6 8. Nf3 exd5
9. cxd5 Bg4 10. O-O Re8 11. h3 Bxf3 12. Bxf3 Na6 13. Kh1 Rb8 14. a4 Nb4 15. g4
Nd7 16. Ra3 a6 17. Na2 Nxa2 18. Rxa2 c4 19. Be3 Rc8 20. Bd4 Bxd4 21. Qxd4 Qf6
22. Qd2 Nc5 23. g5 Nb3 24. Qe3 Qd4 25. Re1 Rc7 26. Qxd4 Nxd4 27. Kg2 Rce7 28.
Kf2 Kg7 29. Bg2 Nc2 30. Re2 Nb4 31. Ra3 Nxd5 32. Kg3 Rc7 33. e5 c3 34. bxc3
Rxc3+ 35. Rxc3 Nxc3 36. Rc2 Nxa4 37. Bxb7 Nc5 38. Bd5 Ne6 39. exd6 Rd8 40. Bxe6
fxe6 41. Rc7+ Kg8 42. d7 Kf7 43. Ra7 Ke7 44. Rxa6 Rxd7 45. h4 h6 46. gxh6 Kf6
47. Ra5 Rh7 48. h5 Rxh6 49. hxg6 Rxg6+ 50. Kf3 Rg1 51. Ke3 Re1+ 52. Kf3 e5 53.
fxe5+ Rxe5 54. Rxe5 Kxe5 1/2-1/2

[Event "World Senior Teams +50"]
[Site "Radebeul GER"]
[Date "2016.06.26"]
[Round "1.12"]
[Board "4"]
[White "Habel, Christof"]
[Black "Tobczewski, Peter"]
[Result "1/2-1/2"]
[WhiteElo "2042"]
[BlackElo "2012"]
[WhiteTeam "Post-SV Ulm"]
[BlackTeam "SV Horst-Emscher"]
[WhiteFideId "24602540"]
[BlackFideId "4668200"]
[EventDate "2016.06.26"]

1. d4 d5 2. g3 c5 3. Nc3 e6 4. e4 dxe4 5. dxc5 Qxd1+ 6. Kxd1 Bxc5 7. Nxe4 Be7 8.
Bg2 Nc6 9. Bd2 Nf6 10. Bc3 Nxe4 11. Bxe4 O-O 12. Nf3 Bd7 13. Ke2 Rfd8 14. Rhd1
Rac8 15. Rd2 f5 16. Bd3 Kf7 17. Rad1 Be8 18. Bb5 Rxd2+ 19. Rxd2 Bf6 20. Bxc6
Bxc6 21. Ne5+ Bxe5 22. Bxe5 Bd5 23. c3 Rd8 24. Ke3 Rd7 25. c4 Bc6 26. Rxd7+ Bxd7
27. Kd4 g6 28. Kc5 Ke7 29. Bd6+ Kf6 30. Bb8 a6 31. Kd6 Bc6 32. Bc7 Be4 33. Bd8+
Kf7 34. a4 Bd3 35. c5 Be4 36. h4 Bc6 37. Kc7 e5 38. Kd6 Bxa4 39. Kxe5 Bc6 40. h5
Bf3 1/2-1/2

[Event "World Senior Teams +50"]
[Site "Radebeul GER"]
[Date "2016.06.26"]
[Round "1.13"]
[Board "1"]
[White "Plaskett, H James"]
[Black "Rewitz, Poul"]
[Result "1-0"]
[WhiteTitle "GM"]
[BlackTitle "FM"]
[WhiteElo "2445"]
[BlackElo "2202"]
[WhiteTeam "England 2"]
[BlackTeam "SK 1968"]
[WhiteFideId "400238"]
[BlackFideId "1401033"]
[EventDate "2016.06.26"]

1. e4 c6 2. d4 d5 3. exd5 cxd5 4. Bd3 Nc6 5. c3 g6 6. Nf3 Bg7 7. O-O Nh6 8. Re1
O-O 9. h3 Bf5 10. Bf1 Bxb1 11. Rxb1 Nf5 12. Bf4 e6 13. Qd2 a6 14. h4 h5 15. Bd3
b5 16. g3 Re8 17. Re2 Qd7 18. Rbe1 Rec8 19. Kh2 Qb7 20. Rg1 b4 21. g4 hxg4 22.
Rxg4 bxc3 23. bxc3 Na5 24. h5 gxh5 25. Rg2 Nc4 26. Qc1 Rc6 27. Qg1 f6 28. Bxf5
exf5 29. Nh4 Nd6 30. Bxd6 1-0

[Event "World Senior Teams +50"]
[Site "Radebeul GER"]
[Date "2016.06.26"]
[Round "1.13"]
[Board "2"]
[White "Mortensen, John"]
[Black "Lewis, Andrew P"]
[Result "0-1"]
[BlackTitle "FM"]
[WhiteElo "2077"]
[BlackElo "2269"]
[WhiteTeam "SK 1968"]
[BlackTeam "England 2"]
[WhiteFideId "1409190"]
[BlackFideId "400955"]
[EventDate "2016.06.26"]

1. e4 c5 2. Nf3 d6 3. Bb5+ Nc6 4. O-O Bd7 5. Re1 a6 6. Bf1 Bg4 7. h3 Bxf3 8.
Qxf3 g6 9. c3 Bg7 10. Qd1 e6 11. d3 Nge7 12. Be3 O-O 13. d4 cxd4 14. cxd4 d5 15.
exd5 Nxd5 16. Nc3 Rc8 17. Qd2 Nxe3 18. fxe3 Qa5 19. Kh1 Ne7 20. Rad1 Nd5 21.
Nxd5 Qxd5 22. b3 Rfd8 23. Be2 Qg5 24. Bf3 Rc7 25. Qf2 b5 26. Rc1 Rxc1 27. Rxc1
Bxd4 28. Rd1 Bb6 29. Rxd8+ Qxd8 30. Qe1 Qd3 31. Bb7 a5 32. Ba6 Qd5 33. Qe2 b4
34. e4 Qe5 35. Bc4 h5 36. Qe1 Bc7 0-1

[Event "World Senior Teams +50"]
[Site "Radebeul GER"]
[Date "2016.06.26"]
[Round "1.13"]
[Board "3"]
[White "Page, Mark E"]
[Black "Cordes, Steffen"]
[Result "1-0"]
[WhiteElo "2080"]
[BlackElo "1926"]
[WhiteTeam "England 2"]
[BlackTeam "SK 1968"]
[WhiteFideId "417050"]
[BlackFideId "1404644"]
[EventDate "2016.06.26"]

1. e4 c5 2. Nc3 g6 3. f4 Bg7 4. Nf3 Nc6 5. Bb5 Nd4 6. O-O a6 7. Bd3 d6 8. Nxd4
cxd4 9. Ne2 Nf6 10. Kh1 O-O 11. Nxd4 Nxe4 12. Bxe4 Bxd4 13. Qf3 Qc7 14. f5 Rb8
15. c3 Bg7 16. d4 Bd7 17. Bg5 Bb5 18. Rfe1 Rfe8 19. d5 Rbc8 20. Re3 Qa5 21. Bd3
Bxd3 22. Rxd3 Qc7 23. Re1 b5 24. a3 a5 25. Rde3 Be5 26. f6 h6 27. Rxe5 dxe5 28.
Bxh6 Qd6 29. Bg5 exf6 30. Bxf6 Rc4 31. b3 e4 32. bxc4 1-0

[Event "World Senior Teams +50"]
[Site "Radebeul GER"]
[Date "2016.06.26"]
[Round "1.13"]
[Board "4"]
[White "Boye, Niels Mollmann"]
[Black "Bowmer, Kevin"]
[Result "0-1"]
[WhiteElo "1862"]
[BlackElo "2071"]
[WhiteTeam "SK 1968"]
[BlackTeam "England 2"]
[WhiteFideId "1413147"]
[BlackFideId "416690"]
[EventDate "2016.06.26"]

1. d4 Nf6 2. c4 g6 3. f3 d5 4. cxd5 Nxd5 5. e4 Nb6 6. Nc3 Bg7 7. Be3 O-O 8. Qd2
Nc6 9. Rd1 e5 10. d5 Ne7 11. g4 f5 12. gxf5 gxf5 13. d6 cxd6 14. Qxd6 Qxd6 15.
Rxd6 Rf6 16. Rd8+ Rf8 17. Bxb6 axb6 18. Bc4+ Kh8 19. Rxf8+ Bxf8 20. Nge2 Bh6 21.
Nd5 Nxd5 22. Bxd5 Bd7 23. Kf2 Bc6 24. Rd1 Rd8 25. Nc3 fxe4 26. fxe4 Bf8 27. Ke2
Bc5 28. Kd3 Rf8 29. Kc2 Rf2+ 30. Rd2 Kg7 31. Rxf2 Bxf2 32. b4 Bg1 33. b5 Bxd5
34. Nxd5 Bxh2 35. Nxb6 Bg1 36. Nd7 Bd4 37. a4 h5 38. Kd3 h4 39. Ke2 b6 40. Kf3
Kf7 41. a5 bxa5 42. b6 Ke6 43. b7 Ba7 44. b8=Q Bxb8 45. Nxb8 a4 46. Na6 Kd6 47.
Kg4 a3 0-1

[Event "World Senior Teams +50"]
[Site "Radebeul GER"]
[Date "2016.06.26"]
[Round "1.14"]
[Board "1"]
[White "Frick, Renato"]
[Black "Strutinskaia, Galina"]
[Result "0-1"]
[BlackTitle "WGM"]
[WhiteElo "2014"]
[BlackElo "2237"]
[WhiteTeam "Liechtenstein"]
[BlackTeam "Russia Women"]
[WhiteFideId "12000027"]
[BlackFideId "4108558"]
[EventDate "2016.06.26"]

1. e4 c5 2. Nf3 d6 3. d4 cxd4 4. Nxd4 Nf6 5. Nc3 e5 6. Ndb5 a6 7. Na3 b5 8. Nd5
Nbd7 9. Bg5 Bb7 10. c4 Bxd5 11. cxd5 Be7 12. Bd3 Nxd5 13. Bxe7 Nxe7 14. O-O O-O
15. Qe2 Nc5 16. Rfd1 Qb6 17. Qe3 Rad8 18. Bc2 Qb7 19. Rac1 Nc6 20. b4 Nxb4 21.
Rxd6 Rxd6 22. Qxc5 Rd4 0-1